Scheduled castes in modern Indian politics: their emergence as political power (Record no. 379894)

000 -LEADER
fixed length control field 00442cam a22001337a 4500
008 - FIXED-LENGTH DATA ELEMENTS--GENERAL INFORMATION
fixed length control field 180718b1985 xxu||||| |||| 00| 0 eng d
082 ## - DEWEY DECIMAL CLASSIFICATION NUMBER
Classification number BA27x54 G959
100 ## - MAIN ENTRY--PERSONAL NAME
Personal name Gupta, S.K.
245 ## - TITLE STATEMENT
Title Scheduled castes in modern Indian politics: their emergence as political power
Statement of responsibility, etc. by S.K. Gupta
260 ## - PUBLICATION, DISTRIBUTION, ETC.
Place of publication, distribution, etc. New Delhi
Name of publisher, distributor, etc. Munshiram Monoharlal
Date of publication, distribution, etc. 1985
300 ## - PHYSICAL DESCRIPTION
Extent 355p.
650 ## - SUBJECT ADDED ENTRY--TOPICAL TERM
Topical term or geographic name entry element India - Politics and government.
650 ## - SUBJECT ADDED ENTRY--TOPICAL TERM
Topical term or geographic name entry element Scheduled castes - India
Holdings
Withdrawn status Lost status Damaged status Not for loan Permanent Location Current Location Date acquired Full call number Barcode Date last seen Price effective from Koha item type
        Indian Institute of Public Administration Indian Institute of Public Administration 1996-07-08 BA27x54 G959 70906 2018-07-21 2018-07-21 Book

Powered by Koha